Boeing planes - Statistics

General Stats
  • This quiz has been taken 99 times
    70 since last reset
  • The average score is 30 of 116
Answer Stats
Answer % Correct
737-800
83%
737-200
75%
737-400
75%
737-500
75%
737-600
75%
737-700
75%
737-300
73%
737-100
71%
737-900
71%
747-400
71%
777-200
71%
777-300
69%
787-10
67%
737 MAX 8
65%
737 MAX 9
65%
767-200
65%
767-300
65%
787-8
65%
787-9
65%
747-300
63%
757-300
63%
747-100
60%
777-300ER
60%
717-200
58%
727-200
58%
757-200
58%
777-200ER
58%
727-100
54%
737 MAX 10
54%
777-9
50%
737 MAX 7
46%
767-300ER
46%
777-200LR
46%
777-8
46%
737-900ER
42%
767-200ER
42%
767-400ER
40%
747-8i
38%
777F
38%
747-8F
33%
747-400F
27%
777-10
27%
747-200F
25%
720
23%
747SP
23%
747-400ER
21%
767-300F
21%
707-120
19%
707-320
19%
707-220
17%
707-420
17%
747-100SR
17%
747-200B
17%
747-200C
17%
707-020
15%
737-700ER
15%
747-100B
15%
747-400BCF
15%
737-700C
13%
747-400ERF
13%
727-100C
10%
737-200C
10%
747-300SR
10%
747-400D
10%
707-120B
8%
707-320C
8%
737-800BCF
8%
737 MAX 200
8%
747-300M
8%
747-400M
8%
747LCF
8%
707-320B
6%
720B
6%
727-200C
6%
747-100BSR
6%
747-200M
6%
707-138
4%
707-138B
4%
727-200 Advanced
4%
737-200 Advanced
4%
737-400BCF
4%
737-400SF
4%
737-700BDSF
4%
737-700F
4%
737-800BDSF
4%
747-100BSR SUD
4%
757-200M
4%
757-200PF
4%
757-200SF
4%
767-2C
4%
767-300ERF
4%
727-100QC
2%
727-100QF
2%
727-200F Advanced
2%
737-300BCF
2%
737-300BDSF
2%
737-300SP
2%
737-800SF
2%
747-300BCF
2%
747-400BDSF
2%
747 SOFIA
2%
767-300BCF
2%
767-300BDSF
2%
BBJ3
2%
737-200QC
0%
747-200B SUD
0%
747-200C SCD
0%
747-200F SCD
0%
747-400ERF SCD
0%
747-400F SCD
0%
757-200PCF
0%
767-200BDSF
0%
767-200SF
0%
777-300ERSF
0%
BBJ1
0%
BBJ2
0%
No matching quizzes found
Score Distribution
Percent of People with Each Score
Percentile by Number Answered
Your Score History
You have not taken this quiz since the last reset